Geography Quiz

Random Geography or City Quiz

No Airport Countries Quiz Stats

 Plays Quiz not verified by Sporcle

Score 0/5 Timer 02:00
0 Plays Today
country % Correct
Vatican
98.5%
Monaco
90.3%
Andorra
88.2%
San Marino
88.2%
Liechtenstein
82.3%

You're not logged in!

Compare scores with friends on all Sporcle quizzes.
OR
Log In

Show Comments

Extras

Top Quizzes Today


Score Distribution

Your Account Isn't Verified!

In order to create a playlist on Sporcle, you need to verify the email address you used during registration. Go to your Sporcle Settings to finish the process.

Report this User

Report this user for behavior that violates our Community Guidelines.

Details: